000 01048nam a2200265 a 4500
005 20191224041653.0
008 140307s1999 ck ab fr|||| 000 0 spa d
020 _a958906745X
040 _aCO-BoIAVH
_cCO-BoIAVH
041 0 _aspa
044 _ack
082 0 4 _a333.7317
_bM66p
110 2 _b Ministerio del Medio Ambiente
_aColombia.
245 1 0 _aPaisajes vividos y paisajes observados :
_bla percepción territorial en la zonificación ecológica del Pacífico colombiano
260 _aBogotá :
_bMinambiente :
_bInstituto Geográfico Agustín Codazzi,
_c1999.
300 _a99 páginas :
_bIlustraciones (algunas a color), mapas ;
_c27 x 21 cm.
504 _aIncluye referencias bibliográficas páginas [92]- 96.
650 2 6 _aZonificación ecológica
650 2 6 _aMapeo participativo
650 2 6 _aPercepción territorial
650 1 6 _aPlanificación local y regional
650 2 6 _aTerritorialidad
710 2 _aInstituto Geográfico Agustín Codazzi IGAC
942 _cLIBRO
_2ddc
999 _c2936
_d2936